000 00426 a2200145 4500
040 _aDLC
_bDLC
082 _a510.5
100 _aBiswal, Purna Chandra.
245 _aDiscrete Mathematics and Graph Theory
_cPurna Chandra. Biswal
260 _aNew Delhi:
_bPrentice-Hall Pvt. Ltd.,
_c 2005.
300 _axv, 364 p. :
_bill. ;
_c24 cm.
500 _aIncludes Index
650 _aDiscrete Mathematics.
942 _cBK
_k510.5 BIS
_2ddc
999 _c7384
_d7384